000
00339nam a2200145Ia 4500
008
191201s2013 xx 000 0 und d
082
_a
658.0072
_b
BAB
100
_a
BAJPAI, Naval
245
0
_a
Business Research Methods
250
_a
IMP 3rd
260
_a
N. delhi
_b
pearson
_c
2013
300
_a
762
650
_a
BBA
942
_2
ddc
_c
BK
_0
2
999
_c
5546
_d
5546